000
00440nam a2200181Ia 4500
008
090124s9999 xx 000 0 und d
082
_b
15690
_a
5559
100
_a
कर्णिक म.म.
245
_a
तहान
250
_a
1
260
_c
1966
300
_a
180
600
_a
कर्णिक म.म.
630
_a
तहान
700
_a
कर्णिक म.म.
730
_a
तहान
942
_c
BOOK
999
_c
129630
_d
129630